| 000 | 00849cam a2200265 a 4500 | ||
|---|---|---|---|
| 001 | 2370396 | ||
| 003 | ARRUPE | ||
| 005 | 20151104094408.0 | ||
| 008 | 841031s1985 pau 001 0 eng | ||
| 010 | _a 84048721 | ||
| 020 | _a0800618491 (pbk.) | ||
| 020 | _z0800618483 (pbk.) | ||
| 040 |
_aDLC _cDLC _dDLC |
||
| 050 | 0 | 0 |
_aBT10 _b.R4 1985 |
| 082 | 0 | 0 |
_a230 _219 |
| 245 | 0 | 0 |
_aReadings in Christian theology / _cedited by Peter C. Hodgson and Robert H. King. |
| 260 |
_aPhiladelphia : _bFortress Press, _cc1985. |
||
| 300 |
_axi, 418 p. ; _c23 cm. |
||
| 500 | _aIncludes indexes. | ||
| 650 | 0 |
_aTheology, Doctrinal. _xAddresses, essays, lectures _920872 |
|
| 700 | 1 |
_aHodgson, Peter Crafts, _d1934- _915652 |
|
| 700 | 1 |
_aKing, Robert Harlen, _d1935- _920873 |
|
| 906 |
_a7 _bcbc _corignew _d1 _eocip _f19 _gy-gencatlg |
||
| 942 |
_2lcc _cMONOGRAPH |
||
| 999 |
_c123723 _d123723 |
||